| 000 | 00646nam a2200181Ia 4500 | ||
|---|---|---|---|
| 008 | 100917s9999 xx 000 0 und d | ||
| 082 | _b22223 | ||
| 100 | _aमाडखोलकर गजानन त्र्यंबक | ||
| 245 | _aनवे संसार (आवृत्ती 3 री) | ||
| 260 |
_bमनोरंजन प्रकाशन _c1971 |
||
| 300 | _a340 | ||
| 365 | _b12.5 | ||
| 520 | _aकादंबरी | ||
| 630 | _aनवे संसार (आवृत्ती 3 री) | ||
| 650 | _aकादंबरी | ||
| 730 | _aनवे संसार (आवृत्ती 3 री) | ||
| 942 | _cBOOK | ||
| 999 |
_c627617 _d627614 |
||